000
00279nam a2200121Ia 4500
008
190216s9999||||xx |||||||||||||| ||und||
100
_a
Kesavadev P
245
0
_a
Odayilninnu
260
_b
Poorna Pubs Kozhikode
_c
2013
300
_a
88p
650
_a
Malayalam Novel
942
_c
BK
999
_c
26708
_d
26708